Statistics for ASOIAF Characters Quiz

Click here to take the quiz!

General Stats

  • This quiz has been taken 461 times
  • The average score is 22 of 27

Answer Stats

QuestionAnswer% Correct
9Jon Snow's direwolfGhost
99%
1Daughter of Selwyn TarthBrienne of Tarth
98%
2King-Beyond-The-WallMance Rayder
98%
11The Mad KingAerys II Targaryen
96%
14The Mountain's real nameGregor Clegane
96%
26Daenerys' first husbandKhal Drogo
96%
13KingslayerJaime Lannister
95%
3The legendary founder of House StarkBrandon the Builder
94%
24LittlefingerPetyr Baelish
94%
24The Onion KnightDavos Seaworth
93%
5The matriarch of House TyrellOlenna Tyrell
93%
17Victor of the Battle of the TridentRobert Baratheon
93%
6The knight acclaimed as the Sword of the MorningArthur Dayne
92%
8The orchestrator of the Red WeddingTywin Lannister
91%
16The Prince of DorneDoran Martell
89%
25Heir to StannisShireen Baratheon
88%
10Rhoynar warrior queenNymeria
84%
4The true name of BloodravenBrynden Rivers
79%
7The faceless man from LorathJaqen H'ghar
79%
27Crow's EyeEuron Greyjoy
76%
21The Magister of PentosIllyrio Mopatis
75%
18Real identity of GriffJon Connington
75%
19Founder of House BlackfyreDaemon Blackfyre
72%
15The woman with the red lacquer maskQuaithe
63%
20The Conqueror's sister wivesRhaenys & Visenya
63%
22Warlock of QarthPyat Pree
56%
12Founder of House ArrynArtys Arryn
18%

Score Distribution

Percentile by Number Answered

Percent of People with Each Score

Your Score History

You have not taken this quiz